000 00776nam a2200289 a 4500
003 AR-BaBNM
005 20251128210428.0
008 082120s2002 ||||||||||||||000 | spa||
020 _a2-200-01739-1
040 _cAR-BaBNM
100 1 _aDanjoux, Mireille
245 0 0 _aL'épreuve d'arts plastiques au concours de professeur des écoles
260 _aParís
_bArmand Colin
_c1997
300 _a125 p.
_btablas, il.
490 0 _aFormation des enseignants
500 _aContiene anexos
500 _aContiene glosario
650 4 _aEDUCACION ARTISTICA
650 4 _aARTES PLASTICAS
650 4 _aPROFESORES DE ARTE
650 4 _aCONCURSOS
650 4 _aDESARROLLO DEL NIÑO
650 4 _aEVALUACION
651 4 _aFrancia
942 _cBK
998 _cRaquel
999 _c15443
_d15443